| 000 | 00685nam a22002175a 4500 | ||
|---|---|---|---|
| 008 | 161220r20152014ii a|||fr|||| 001 0 eng d | ||
| 020 | _a9789350382622 | ||
| 020 | _a9350382628 | ||
| 040 |
_aEG-ScBUE _beng _cEG-ScBUE |
||
| 082 | 0 | 4 |
_222 _a621.38171 _bGOD |
| 100 | 1 |
_938238 _aGodse, Atul P. |
|
| 245 |
_aAdvanced microprocessor / _cAtul P. Godse, Deepali A. Godse. |
||
| 260 |
_aPune, India : _bTechnical Publications, _c2015 |
||
| 300 |
_a1 v. (various pagings) : _bill. ; _c22 cm. |
||
| 590 | _aWessam | ||
| 650 | 7 |
_2BUEsh _933496 _aMicroprocessors. |
|
| 651 | _2BUEsh | ||
| 653 |
_bENGELC _cDecember2016 |
||
| 700 | 1 |
_913277 _aGodse, Deepali A. |
|
| 942 |
_2ddc _e22 _k621.38171 GOD |
||
| 999 |
_c23655 _d23627 |
||